000 00424nam a22001457a 4500
005 20241212143112.0
008 241212b |||||||| |||| 00| 0 eng d
020 _a 0950604232
050 _aQH369
_b.B5
100 _aBowden, Malcolm
245 _aScience Vs Evolution/
_cMalcolm Bowden Foreword by Duane T. Gish
260 _aBromley
_bSovereign Publications
_c1991
300 _axiii.238p.
_bill.
_c21.5cm
942 _2lcc
_cBK
_n0
999 _c2117
_d2117